000
00328nam a2200145Ia 4500
100
_a
Varghese/ C.D.
490
_v
20
942
_c
BK
654
_a
Electroplating
245
_a
Electroplating & other Surface Treatments
260
_b
Tata Mc Graw hill
_a
New Delhi
_c
1993
300
_a
713
546
_a
ENGLISH
999
_c
34355
_d
34355